Animals Starting With E - Statistics

General Stats
  • This quiz has been taken 121 times
  • The average score is 9 of 15
Answer Stats
Picture Answer % Correct
Eagle
98%
Elephant
97%
Eel
96%
Emu
93%
Elk
86%
Earthworm
81%
Emperor Penguin
76%
Elephant Seal
66%
Echidna
65%
Earwig
64%
Ermine
29%
Elephant Shrew
25%
Emperor Tamarin
18%
Eastern Bluebird
10%
English Setter
7%
No matching quizzes found
Score Distribution
Percent of People with Each Score
Percentile by Number Answered
Your Score History
You have not taken this quiz